Biện pháp rèn luyện kỹ năng giao tiếp cho học sinh lớp 4 các trường tiểu học tại Thành phố Cao Lãnh qua dạy học phân môn luyện từ và câu Báo cáo tổng kết đề tài NCKH của sinh viên năm học 2017 - 2018. Mã số: SPD2017.02.07

Sparad:
Bibliografiska uppgifter
Huvudupphovsman: Thị, Diểm Xuân (Chủ nhiệm đề tài)
Övriga upphovsmän: Phạm, Thị Ngọc Huyền (Tham gia thực hiện), Nguyễn, Văn Bản (Hướng dẫn)
Materialtyp: Materialpaket Bok
Publicerad: Đồng Tháp Trường Đại học Đồng Tháp 2018
Ämnen:
Taggar: Lägg till en tagg
Inga taggar, Lägg till första taggen!
Thư viện lưu trữ: Trung tâm Học liệu Lê Vũ Hùng, Trường Đại học Đồng Tháp
LEADER 01527ppm a22002778a 4500
001 00041727
005 20200529090523.0
008 170215s2015 ||||||Viesd
041 0 # |a Vie 
082 1 4 |b B305PH  |a 372.61 
100 1 # |a Thị, Diểm Xuân  |e Chủ nhiệm đề tài 
245 1 0 |b Báo cáo tổng kết đề tài NCKH của sinh viên năm học 2017 - 2018. Mã số: SPD2017.02.07  |c Thị Diểm Xuân (chủ nhiệm đề tài); Phạm Thị Ngọc Huyền (tham gia thực hiện); Nguyễn Văn Bản (hướng dẫn)  |a Biện pháp rèn luyện kỹ năng giao tiếp cho học sinh lớp 4 các trường tiểu học tại Thành phố Cao Lãnh qua dạy học phân môn luyện từ và câu 
260 # # |b Trường Đại học Đồng Tháp  |c 2018  |a Đồng Tháp 
300 # # |a 100 tr. +phụ lục  |c 30 cm.  |e 1 bản tóm tắt 
500 # # |a ĐTTS ghi: Bộ Giáo dục và Đào tạo. Trường Đại học Đồng Tháp 
653 # # |a Giao tiếp 
653 # # |a Kỹ năng 
653 # # |a Tiểu học 
653 # # |a Thành phố Cao Lãnh 
653 # # |a Nghiên cứu khoa học 
653 # # |a Luyện từ và câu 
700 1 # |a Phạm, Thị Ngọc Huyền  |e Tham gia thực hiện 
700 1 # |a Nguyễn, Văn Bản  |e Hướng dẫn 
852 # # |j KH.0000084 
910 |d 04/07/2018 
980 # # |a Trung tâm Học liệu Lê Vũ Hùng, Trường Đại học Đồng Tháp